[Event "Challenge"]
[Site "http://www.queenalice.com/game.php?id=1461735"]
[Date "2017.1.28"]
[Round "-"]
[White "recchdegomm1"]
[Black "theblues31"]
[Result "0-1"]
[WhiteElo "1286"]
[BlackElo "1314"]

1. e4 e5 2. Nf3 Nc6 3. Bc4 Nf6 4. Ng5 Qe7 5. Na3 d5 6. Bb3 Nxe4 7. Nxe4 dxe4 8.
d4 exd4 9. O-O Be6 10. Re1 Bxb3 11. cxb3 O-O-O 0-1

[Event "Challenge"]
[Site "http://www.queenalice.com/game.php?id=1462042"]
[Date "2017.1.30"]
[Round "-"]
[White "sunking1"]
[Black "theblues31"]
[Result "1-0"]
[WhiteElo "1351"]
[BlackElo "1318"]

1. e4 e5 2. Nf3 Nc6 3. c3 Bc5 4. Bb5 Nf6 5. h3 Nxe4 6. O-O Ng3 7. Re1 d6 8. d4
a6 9. Bxc6+ bxc6 10. fxg3 Bb6 11. Bg5 f6 12. Bh4 g5 13. Bxg5 fxg5 14. h4 h6 15.
h5 Bg4 16. Kh2 Bxh5 17. dxe5 dxe5 18. Rxe5+ Kf8 19. Rf5+ Kg7 20. Qe2 Re8 21. Qc4
g4 22. Rxh5 gxf3 23. gxf3 c5 24. Qg4+ Kf7 25. Na3 Rh8 26. Re1 Qd2+ 27. Kh3 Qxe1
28. Rf5+ Ke7 29. Qh4+ Kd7 30. Nc2 Qh1+ 31. Kg4 Rhg8+ 32. Kf4 Qxh4+ 33. gxh4 Rg2
34. Ne3 Rxb2 35. Rd5+ Kc6 36. c4 Rxa2 37. Ke5 Re2 38. Rd3 Rh2 39. Nf5 Re8+ 40.
Kf4 h5 41. Ng7 Rxh4+ 42. Kg5 Rd4 43. Nxe8 Rxd3 44. f4 Rf3 45. Nf6 h4 46. Ng4 h3
47. Ne5+ Kb7 48. Nxf3 a5 49. Kg4 a4 50. Kxh3 a3 51. Nd2 a2 52. Nb3 Kc8 53. Kg4
1-0

[Event "GLOCK III"]
[Site "http://www.queenalice.com/game.php?id=1462674"]
[Date "2017.2.4"]
[Round "-"]
[White "perucona"]
[Black "theblues31"]
[Result "1-0"]
[WhiteElo "1260"]
[BlackElo "1255"]

1. e4 e5 2. Nf3 Nf6 3. Nc3 Bb4 4. Bb5 a6 5. Be2 Nc6 6. O-O d5 7. exd5 Nxd5 8. a3
Bxc3 9. dxc3 e4 10. Nd4 f5 11. Bh5+ g6 12. Be2 Be6 13. Bc4 b5 14. Bxd5 Bxd5 15.
Be3 1-0

[Event "AUTO-INT-3225"]
[Site "http://www.queenalice.com/game.php?id=1466920"]
[Date "2017.2.28"]
[Round "1"]
[White "fltrazzi"]
[Black "theblues31"]
[Result "1-0"]
[WhiteElo "1571"]
[BlackElo "1267"]

1. e4 e5 2. Qf3 Nf6 3. Nc3 Nc6 4. Bb5 Bb4 5. a3 Bxc3 6. dxc3 d5 7. exd5 Nxd5 8.
Bc4 Be6 9. Nh3 Qf6 10. Qxf6 Nxf6 11. Bxe6 1-0

[Event "Challenge"]
[Site "http://www.queenalice.com/game.php?id=1494456"]
[Date "2017.9.14"]
[Round "-"]
[White "theblues31"]
[Black "Cautor"]
[Result "1-0"]
[WhiteElo "1245"]
[BlackElo "1934"]

1. e4 e6 2. Nf3 a6 3. d4 Nf6 4. e5 Nd5 5. c4 Bb4+ 6. Nbd2 Nb6 7. Bd3 d5 8. exd6
cxd6 9. a3 Bxd2+ 10. Qxd2 N8d7 11. O-O O-O 12. b3 e5 13. dxe5 dxe5 14. Qc2 Nf6
15. Nxe5 Re8 16. Bb2 g6 17. c5 Nbd7 18. f4 Nxc5 19. Qxc5 Be6 20. b4 Rc8 21. Qa5
Ng4 22. Qxd8 Rexd8 23. h3 Nxe5 24. fxe5 Rxd3 25. Rac1 b5 26. Rxc8+ Bxc8 27. Rc1
Be6 28. Rc6 Rd2 29. Bc3 Rc2 30. g4 h5 31. gxh5 gxh5 32. h4 Bd7 33. Rc5 Ra2 34.
Rd5 Rxa3 35. Bd2 Ra1+ 36. Kf2 Bg4 37. Kg3 Rd1 38. Kf4 Rf1+ 39. Kg5 Kg7 40. Bf4
Rg1 41. Bh2 Be6+ 42. Bxg1 Bxd5 43. Kxh5 Be4 44. Kg5 Bd3 45. h5 1-0

[Event "Challenge"]
[Site "http://www.queenalice.com/game.php?id=1506223"]
[Date "2017.11.30"]
[Round "-"]
[White "theblues31"]
[Black "Iceberg"]
[Result "1-0"]
[WhiteElo "1275"]
[BlackElo "1213"]

1. e4 e5 2. Nf3 Nc6 3. Bb5 Nd4 4. Nxe5 Qg5 5. Nc3 Qxg2 6. Rf1 Qxh2 7. f4 f6 8.
Nd5 Bd6 9. c3 Nxb5 10. a4 c6 11. Nf3 Qg3+ 12. Rf2 Bc5 13. d4 f5 14. e5 Ne7 15.
Nxe7 Bxe7 16. axb5 Qh3 17. b6 Bh4 18. Nxh4 Qxh4 19. bxa7 g5 20. Qb3 d5 21. exd6
g4 22. Ke2 g3 23. Rg2 Qg4+ 24. Ke3 b5 25. c4 c5 26. Qxb5+ Kf7 27. dxc5 Bb7 28.
Qd7+ Kg6 29. Qxb7 Rhe8+ 30. Kd2 Re4 31. Qxa8 Qxf4+ 32. Kc3 Rxc4+ 33. Kb3 Rb4+
34. Ka2 Qc4+ 35. Kb1 Qd3+ 36. Rc2 Qf1 37. Qg8+ Kf6 38. d7 g2 39. d8=Q+ Ke5 40.
Qgd5# 1-0

[Event "Challenge"]
[Site "http://www.queenalice.com/game.php?id=1508120"]
[Date "2017.12.15"]
[Round "-"]
[White "theblues31"]
[Black "Iceberg"]
[Result "0-1"]
[WhiteElo "1303"]
[BlackElo "1329"]

1. e4 c5 2. Nf3 Nc6 3. Bb5 Nf6 4. Bxc6 bxc6 5. d3 d6 6. Nc3 Qa5 7. O-O c4 8. d4
Qh5 9. Bf4 Ba6 10. e5 Qg4 11. g3 Nd7 12. exd6 exd6 13. Qe2+ Be7 14. Rfe1 Ne5 15.
dxe5 d5 16. b3 Bb4 17. Qe3 Rd8 18. a3 Be7 19. Bg5 h6 20. Bxe7 Kxe7 21. Qxa7+ Ke6
22. Qxa6 Rc8 23. bxc4 d4 24. Re4 Qxf3 25. Rxd4 Qxc3 26. Rad1 Kf5 27. f4 Qe3+ 28.
Kg2 c5 29. Rd7 Kg4 30. h3+ Kh5 31. a4 Qe2+ 32. Kh1 Qf3+ 33. Kh2 Qf2+ 34. Kh1
Qxg3 35. R1d3 Qxf4 36. R7d5 g5 37. e6 Rce8 38. Rd6 fxe6 39. Rxe6 Qf1+ 40. Kh2
Rhf8 41. Kg3 Qf2# 0-1

[Event "Inter parcours "]
[Site "http://www.queenalice.com/game.php?id=1511579"]
[Date "2018.1.12"]
[Round "1"]
[White "theblues31"]
[Black "Cautor"]
[Result "1-0"]
[WhiteElo "1288"]
[BlackElo "1936"]

1. e4 d6 2. d4 f5 3. exf5 Bxf5 4. Nf3 Nc6 5. d5 Nb4 6. Nd4 Be4 7. Nc3 Nf6 8.
Nxe4 Nxe4 9. Bb5+ c6 10. dxc6 bxc6 11. Nxc6 Qb6 12. Nd4+ Kd8 13. Qg4 Nxc2+ 14.
Kf1 Nf6 15. Ne6+ Kc8 16. Qc4+ Kb8 17. Ba6 Qb7 18. Bxb7 Kxb7 19. Qc7+ Ka6 20.
Qc6+ Ka5 21. Bd2+ Nb4 22. a3 Rc8 23. axb4# 1-0